000 00411 a2200145 4500
001 193204
020 _a
040 _cMagnum
100 _aOliveira, Maria Jose Alves da Silva
240 1 0 _aFolclore e cultura popular na formacao do profissional de educ. fisica
_lpor
245 1 0 _aFolclore e cultura popular na formacao do profissional de educ. fisica
362 0 _a1899
697 _aENSINO
942 _cBK
999 _c193204
_d193204